| 000 | 01330nam a2200313 a 4500 | ||
|---|---|---|---|
| 001 | ebr10653895 | ||
| 003 | CaPaEBR | ||
| 006 | m u | ||
| 007 | cr cn||||||||| | ||
| 008 | 130211s2013 njuaf sb 001 0 eng d | ||
| 020 | _z9780470552346 | ||
| 020 | _z9781118514375 (e-book) | ||
| 040 |
_aCaPaEBR _cCaPaEBR |
||
| 035 | _a(OCoLC)828743774 | ||
| 050 | 1 | 4 |
_aHD9665.5 _b.R57 2013eb |
| 245 | 0 | 0 |
_aRisk management applications in pharmaceutical and biopharmaceutical manufacturing _h[electronic resource] / _cedited by A. Hamid Mollah, Mike Long, Harold S. Baseman. |
| 260 |
_aHoboken, N.J. : _bWiley, _c2013. |
||
| 300 |
_axvii, 393 p., [12] p. of plates : _bcol. ill. |
||
| 440 | 0 | _aWiley series in biotechnology and bioengineering | |
| 504 | _aIncludes bibliographical references and index. | ||
| 533 |
_aElectronic reproduction. _bPalo Alto, Calif. : _cebrary, _d2013. _nAvailable via World Wide Web. _nAccess may be limited to ebrary affiliated libraries. |
||
| 650 | 0 |
_aPharmaceutical industry _xRisk management. |
|
| 655 | 7 |
_aElectronic books. _2local |
|
| 700 | 1 | _aMollah, A. Hamid. | |
| 700 | 1 | _aLong, Mike. | |
| 700 | 1 | _aBaseman, Harold S. | |
| 710 | 2 | _aebrary, Inc. | |
| 856 | 4 | 0 |
_uhttp://site.ebrary.com/lib/rucke/Doc?id=10653895 _zAn electronic book accessible through the World Wide Web; click to view |
| 999 |
_c180295 _d180295 |
||